| 000 | 00379cam a2200157ua 4500 | ||
|---|---|---|---|
| 003 | OSt | ||
| 008 | 250707b |||||||| |||| 00| 0 eng d | ||
| 041 | _aeng | ||
| 082 |
_a624.18341 _bRAO/RE |
||
| 100 |
_aRao, H K . _97626 |
||
| 245 | _aReinforced cement concrete / | ||
| 250 | _a1 / | ||
| 260 |
_aBombay : _bAisa Publishing House , _c1915. |
||
| 300 | _a242 ; . | ||
| 942 | _cBK | ||
| 999 |
_c2873 _d2873 |
||